| 000 | 00493cam a22001217a 4500 | ||
|---|---|---|---|
| 008 | 180718b1972 xxu||||| |||| 00| 0 eng d | ||
| 082 | _aT000x54 In2/16-73 | ||
| 245 | _aAdministrative aspects of an approach to the fifth five-year plan (sixteeth annual conference of members of the IIPA, October 29, 1972) | ||
| 260 |
_aNew Delhi _bIndian Insititute of Public Administration _c1972 |
||
| 300 | _a16p. | ||
| 650 | _aEconomic planning - India | ||
| 700 | _aIndian Insititute of Public Administration | ||
| 999 |
_c502160 _d502160 |
||